• 首页
  • 本馆介绍
  • 公告通知
  • 最新文献
  • 馆藏检索
  • 电子资源
  • 读者导购
  • 参考咨询
  • 我的图书馆
  • 登录
  • 详细信息显示
  • 放入我的书架
  • 预约/预借图书
  • 作者相关作品
  • 分类相关作品
  • 丛书相关作品
  • 出版社相关作品

书目信息

  • 表格格式
  • 工作单格式
  • 卡片格式
题名:
现代建筑消防安全管理研究
    
 
作者: 葛婧雯 , 宋萌萌 , 王晋 著
分册:  
出版信息: 长春   吉林科学技术出版社  2022.08
页数: 202页
开本: 26cm
丛书名:
单 册:
中图分类: TU998.1
科图分类:
主题词: 建筑物--消防--安全管理--研究
电子资源:
ISBN: 978-7-5578-9414-6
000 01043nam0 2200265 450
001 CAL 012022047896
005 20230308143222.0
010    @a978-7-5578-9414-6@dCNY48.00
100    @a20221108d2022 em y0chiy0120 ea
101 0  @achi
102    @aCN@b220000
105    @ay a 000yy
106    @ar
200 1  @a现代建筑消防安全管理研究@Axian dai jian zhu xiao fang an quan guan li yan jiu@f葛婧雯, 宋萌萌, 王晋著
210    @a长春@c吉林科学技术出版社@d2022.08
215    @a202页@d26cm
320    @a有书目 (第201-202页)
330    @a本书分为: 建筑消防基础知识、建筑防火、建筑消防设施、建筑火灾事故处理、建筑消防安全管理、重点场所消防安全管理、建筑消防安全教育、消防科技在城市消防互联网中的应用, 共八章。主要内容包括: 燃烧、火灾、爆炸、易燃易爆危险品、民用建筑、建筑高度及层数等。
606 0  @a建筑物@x消防@x安全管理@x研究
690    @aTU998.1@v5
701  0 @a葛婧雯@Age jing wen@4著
701  0 @a宋萌萌@Asong meng meng@4著
701  0 @a王晋@Awang jin@4著
801  0 @aCN@bBJXHXP@c20230308
905    @b1403614-7@dTU998.1@e2180@f4
    
    现代建筑消防安全管理研究/葛婧雯, 宋萌萌, 王晋著.-长春:吉林科学技术出版社,2022.08
    202页;26cm
    
    
    ISBN 978-7-5578-9414-6:CNY48.00
    本书分为: 建筑消防基础知识、建筑防火、建筑消防设施、建筑火灾事故处理、建筑消防安全管理、重点场所消防安全管理、建筑消防安全教育、消防科技在城市消防互联网中的应用, 共八章。主要内容包括: 燃烧、火灾、爆炸、易燃易爆危险品、民用建筑、建筑高度及层数等。
●
相关链接 在E读中查询图书 在五车中查询图书 在当当中查询图书 在豆瓣中查询图书


正题名:现代建筑消防安全管理研究     索取号:TU998.1/2180         预约/预借

序号 登录号 条形码 馆藏地/架位号 状态 备注
1 1403614   214036149   第二样本阅览室/ [索取号:TU998.1/2180] 在馆    
2 1403615   214036158   第三借阅区/ [索取号:TU998.1/2180] 在馆    
3 1403616   214036167   第三借阅区/ [索取号:TU998.1/2180] 在馆    
4 1403617   214036176   第三借阅区/ [索取号:TU998.1/2180] 在馆    
唐山师范学院图书馆 欢迎您!
大连网信软件有限公司© 版权所有